| 000 | 01324cam a2200277 4500 | ||
|---|---|---|---|
| 001 | ##E130731 | ||
| 002 | ##9143 | ||
| 008 | 050826n2005 000 0 eng u | ||
| 020 | _a1904388353 | ||
| 035 | _a(Sirsi) u130731 | ||
| 041 | 0 | _aeng | |
| 100 | 1 | _aMeaden, David | |
| 245 |
_aHazardous materials and buildings _ba CPD study pack |
||
| 250 | _a3rd ed. | ||
| 260 |
_aReading _bCollege of Estate Management _c2005 |
||
| 300 |
_a68p. _c30cm. + 1 audio CD (ca. 60 min.) |
||
| 350 | _a51 | ||
| 490 | _aCollege of Estate Management CPD Study Pack | ||
| 520 | _aThis pack considers hazardous building materials which impact on human health or are in some way a hazard to the integrity of buildings. Hazardous building materials are considered under the headings of health risks, occurrence, and appraisal and management. The pack continues by examining hazardous materials in the context of dilapidations and provides guidance on risk assessment. References to legislation and links to sources of further information are given. | ||
| 520 | _aAccompanied by audio CD "Hazardous materials in buildings". | ||
| 520 | _aSupersedes second edition (ISBN 1899769692) | ||
| 590 | _aIKA270905 | ||
| 690 | _aMANAGEMENT-HEALTH AND SAFETY-HAZARDOUS SUBSTANCES | ||
| 710 | 2 |
_aCollege of Estate Management _9400 |
|
| 942 | _n0 | ||
| 999 |
_c104544 _d104544 |
||